000 00295nam a22001337a 4500
008 171024b xxu||||| |||| 00| 0 eng d
020 _a9780073386096
041 _aeng
080 _25 ED
_a311
100 _a55
101 _aSTA
245 _aELEMENTARY STATISTICS
_cBLUMAN
942 _2udc
_cBK
999 _c35626
_d35626